Normal view
MARC view
Entry Personal Name
001 - CONTROL NUMBER
- control field: 13287
003 - CONTROL NUMBER IDENTIFIER
- control field: BD-RjUL
005 - DATE AND TIME OF LATEST TRANSACTION
- control field: 20240603111657.0
008 - FIXED-LENGTH DATA ELEMENTS
- fixed length control field: 240603|| aca||aabn | a|a d
040 ## - CATALOGING SOURCE
- Original cataloging agency: BD-RjUL
- Transcribing agency: BD-RjUL
100 ## - HEADING--PERSONAL NAME
- Personal name: Kashem, M. Abul, Supervisor
670 ## - SOURCE DATA FOUND
- Source citation: Work cat.: (BD-RjUL)83877: Amin, Md. Ruhul, Effectiveness of Radio and Television Programme in the Disseminating Agricultural Information As Perceived by the Farmers of Sadar Upazila Under Sylhet District /, 2010